[Event "1st Metropolitan International"]
[Site "Los Angeles"]
[Date "2011.08.20"]
[Round "7"]
[White "Gareev, Timur"]
[Black "Adams, Michael"]
[Result "1/2-1/2"]
[WhiteElo "2613"]
[BlackElo "2715"]
[PlyCount "63"]
[EventDate "2011.08.17"]
[EventType "swiss"]
[EventRounds "9"]
[EventCountry "USA"]
[SourceDate "2011.08.22"]

1. d4 Nf6 2. c4 e6 3. Nf3 b6 4. Nc3 Bb4 5. Bg5 h6 6. Bh4 g5 7. Bg3 Ne4 8. Rc1
Bb7 9. Nd2 Bxc3 10. bxc3 Nxg3 11. hxg3 d6 12. e4 Nd7 13. Qa4 c5 14. Bd3 h5 15.
Kf1 h4 16. Re1 Ke7 17. gxh4 Rxh4 18. Rxh4 gxh4 19. Re3 Qg8 20. Nf3 Qg4 21. d5
h3 22. g3 h2 23. Kg2 Qh3+ 24. Kh1 Nf6 25. Qc2 Rh8 26. Re1 Bc8 27. Bf1 Qg4 28.
Bg2 e5 29. Nd2 Qg5 30. Nf3 Qg4 31. Nd2 Qg5 32. Nf3 1/2-1/2

[Event "1st Metropolitan International"]
[Site "Los Angeles"]
[Date "2011.08.20"]
[Round "7"]
[White "Ginsburg, Mark"]
[Black "Taylor, Timothy"]
[Result "1-0"]
[WhiteElo "2387"]
[BlackElo "2279"]
[PlyCount "107"]
[EventDate "2011.08.17"]
[EventType "swiss"]
[EventRounds "9"]
[EventCountry "USA"]
[SourceDate "2011.08.22"]

1. d4 Nf6 2. Bg5 e6 3. e4 h6 4. Bxf6 Qxf6 5. Nf3 d6 6. c3 Nc6 7. Nbd2 Bd7 8.
Bb5 a6 9. Ba4 e5 10. O-O b5 11. Bb3 Be7 12. Bd5 Rd8 13. a4 O-O 14. axb5 axb5
15. Ra6 Nb8 16. Ra7 c6 17. Bb3 exd4 18. Nxd4 c5 19. N4f3 c4 20. Bc2 Bg4 21. h3
Bh5 22. Qa1 Nc6 23. Ra6 Ne5 24. Nd4 Qf4 25. Nf5 Bg5 26. Ne3 Nd3 27. Bxd3 cxd3
28. g3 Qe5 29. f4 Qc5 30. Kf2 Be2 31. b4 Qc8 32. fxg5 Bxf1 33. Ndxf1 Qxh3 34.
Qd1 Ra8 35. Rxa8 Rxa8 36. Qxd3 Ra2+ 37. Nd2 Qh2+ 38. Ng2 Qh1 39. Qd5 Ra1 40. g6
Qg1+ 41. Kf3 Ra7 42. e5 Qd1+ 43. Kf2 Qh5 44. Qxd6 Qf5+ 45. Nf4 Qc8 46. gxf7+
Rxf7 47. e6 Ra7 48. Ne4 Ra2+ 49. Kf3 g5 50. Nf6+ Kh8 51. Ng6+ Kg7 52. Qe7+ Kxg6
53. Qf7+ Kf5 54. Ng4# 1-0

[Event "1st Metropolitan International"]
[Site "Los Angeles"]
[Date "2011.08.20"]
[Round "7"]
[White "Haessel, Dale"]
[Black "Tayar, Jonathan"]
[Result "1/2-1/2"]
[WhiteElo "2211"]
[BlackElo "2335"]
[PlyCount "92"]
[EventDate "2011.08.17"]
[EventType "swiss"]
[EventRounds "9"]
[EventCountry "USA"]
[SourceDate "2011.08.22"]

1. d4 Nf6 2. Nf3 g6 3. c4 Bg7 4. g3 O-O 5. Bg2 d6 6. Nc3 Nc6 7. O-O a6 8. Qd3
e5 9. dxe5 dxe5 10. Qxd8 Rxd8 11. Bg5 Re8 12. Nd2 Nd4 13. h3 h6 14. Bxf6 Bxf6
15. Rad1 c6 16. e3 Ne6 17. Nde4 Be7 18. Nd6 Rd8 19. Nxc8 Raxc8 20. Rxd8+ Rxd8
21. Rd1 Rxd1+ 22. Nxd1 Kf8 23. Kf1 Ke8 24. Ke2 Kd7 25. Kd3 f5 26. Nc3 a5 27. g4
e4+ 28. Kc2 Nc5 29. Bf1 Bh4 30. Nd1 Kd6 31. gxf5 gxf5 32. Be2 Ne6 33. f3 exf3
34. Bxf3 Ng5 35. Bg2 Ke5 36. Kd3 Bg3 37. Nc3 h5 38. Ne2 Bf2 39. Nd4 f4 40. Nf3+
Nxf3 41. Bxf3 Bxe3 42. Bxh5 Bc1 43. Kc2 Be3 44. Kd3 Bd4 45. b3 Bb2 46. Bg4 b6
1/2-1/2

[Event "1st Metropolitan International"]
[Site "Los Angeles"]
[Date "2011.08.20"]
[Round "7"]
[White "Hafizulhilmi, Mas"]
[Black "Matikozyan, Andranik"]
[Result "1/2-1/2"]
[WhiteElo "2416"]
[BlackElo "2451"]
[PlyCount "38"]
[EventDate "2011.08.17"]
[EventType "swiss"]
[EventRounds "9"]
[EventCountry "USA"]
[SourceDate "2011.08.22"]

1. e4 c5 2. Nf3 d6 3. d4 cxd4 4. Nxd4 Nf6 5. Nc3 a6 6. Be2 e6 7. O-O Nbd7 8. a4
b6 9. f4 Bb7 10. Bf3 Rc8 11. Qe1 Rc4 12. e5 Bxf3 13. Nxf3 dxe5 14. fxe5 Ng4 15.
h3 h5 16. b3 Bc5+ 17. Kh1 Nf2+ 18. Kh2 Ng4+ 19. Kh1 Nf2+ 1/2-1/2

[Event "1st Metropolitan International"]
[Site "Los Angeles"]
[Date "2011.08.20"]
[Round "7"]
[White "Holt, Conrad"]
[Black "Bodek, Michael"]
[Result "1-0"]
[WhiteElo "2438"]
[BlackElo "2191"]
[PlyCount "73"]
[EventDate "2011.08.17"]
[EventType "swiss"]
[EventRounds "9"]
[EventCountry "USA"]
[SourceDate "2011.08.22"]

1. d4 Nf6 2. c4 e6 3. Nc3 Bb4 4. Qc2 d5 5. cxd5 Qxd5 6. Nf3 Qf5 7. Qb3 Nc6 8.
Bd2 a5 9. e3 Ne4 10. Nxe4 Qxe4 11. Bd3 Qd5 12. Qc2 Bxd2+ 13. Qxd2 Nb4 14. Bb1
c5 15. O-O cxd4 16. exd4 O-O 17. Re1 Nc6 18. Qf4 h6 19. Be4 Qd8 20. Rac1 Ra6
21. Rc5 Nb4 22. Rec1 Bd7 23. a3 Nc6 24. d5 exd5 25. Rxd5 Qe7 26. Re1 Be6 27.
Rh5 Qd7 28. Ng5 Rd8 29. Bh7+ Kf8 30. Bd3 hxg5 31. Rh8+ Ke7 32. Qxg5+ f6 33.
Qxg7+ Kd6 34. Qg3+ Ne5 35. Rxd8 Qxd8 36. Bxa6 bxa6 37. f4 1-0

[Event "1st Metropolitan International"]
[Site "Los Angeles"]
[Date "2011.08.20"]
[Round "7"]
[White "Huang, Vincent"]
[Black "Peters, Jack"]
[Result "0-1"]
[WhiteElo "2128"]
[BlackElo "2377"]
[PlyCount "74"]
[EventDate "2011.08.17"]
[EventType "swiss"]
[EventRounds "9"]
[EventCountry "USA"]
[SourceDate "2011.08.22"]

1. d4 Nf6 2. c4 e6 3. Nc3 Bb4 4. Qc2 O-O 5. a3 Bxc3+ 6. Qxc3 b6 7. Nf3 Bb7 8.
e3 d6 9. Be2 Nbd7 10. O-O Ne4 11. Qc2 f5 12. b4 Rf6 13. Bb2 Rh6 14. d5 e5 15.
Bd3 Ndf6 16. Ne1 Ng4 17. h3 Ngf6 18. f4 exf4 19. exf4 c6 20. dxc6 Bxc6 21. Nf3
Qd7 22. Rfe1 Nh5 23. Qc1 Rg6 24. Qe3 Rg3 25. Rf1 Re8 26. Rae1 Re6 27. Qc1 Reg6
28. Re2 Rxh3 29. Bxe4 Bxe4 30. Ng5 Ng3 31. Ree1 Rh1+ 32. Kf2 Nxf1 33. Rxf1 Rh2
34. Rg1 h6 35. Nf3 Bxf3 36. Kxf3 Qc6+ 37. Ke3 Qe4+ 0-1

[Event "1st Metropolitan International"]
[Site "Los Angeles"]
[Date "2011.08.20"]
[Round "7"]
[White "Jayakumar, Adarsh"]
[Black "Liu, Elliott"]
[Result "1-0"]
[WhiteElo "2177"]
[BlackElo "2291"]
[PlyCount "65"]
[EventDate "2011.08.17"]
[EventType "swiss"]
[EventRounds "9"]
[EventCountry "USA"]
[SourceDate "2011.08.22"]

1. d4 g6 2. c4 Bg7 3. Nf3 Nf6 4. g3 O-O 5. Bg2 d5 6. cxd5 Nxd5 7. O-O Nb6 8.
Nc3 Nc6 9. e3 Re8 10. Re1 a5 11. Qe2 Bg4 12. h3 Be6 13. Rd1 Bc4 14. Qd2 a4 15.
Ne1 Qc8 16. Rb1 Rd8 17. Kh2 e5 18. d5 Nb4 19. Nxa4 Rxa4 20. b3 Rxa2 21. Qxb4
Bxd5 22. e4 Bc6 23. Be3 Rxd1 24. Rxd1 Nd7 25. Qc4 Qa8 26. Nd3 b5 27. Qc3 Bxe4
28. Nb4 Bxg2 29. Nxa2 Nf8 30. Nb4 Qf3 31. Rg1 e4 32. Qd2 c5 33. Nd5 1-0

[Event "1st Metropolitan International"]
[Site "Los Angeles"]
[Date "2011.08.20"]
[Round "7"]
[White "Kavutskiy, Konstantin"]
[Black "Gurevich, Dmitry"]
[Result "0-1"]
[WhiteElo "2225"]
[BlackElo "2479"]
[PlyCount "56"]
[EventDate "2011.08.17"]
[EventType "swiss"]
[EventRounds "9"]
[EventCountry "USA"]
[SourceDate "2011.08.22"]

1. d4 d5 2. c4 e6 3. Nf3 Nf6 4. g3 Bb4+ 5. Bd2 c5 6. cxd5 exd5 7. Bg2 Nc6 8.
dxc5 Bxc5 9. O-O O-O 10. Bg5 Be6 11. Nc3 d4 12. Ne4 Be7 13. Nxf6+ Bxf6 14. Bxf6
Qxf6 15. Qa4 Rfd8 16. Rfd1 d3 17. exd3 Qxb2 18. Ng5 Rd4 19. Bxc6 Rxa4 20. Bxa4
Bxa2 21. Ne4 Bd5 22. Rab1 Qd4 23. Bb5 h5 24. Nd2 h4 25. Bc4 Bxc4 26. Nxc4 h3
27. Ne3 Re8 28. Re1 Qxd3 0-1

[Event "1st Metropolitan International"]
[Site "Los Angeles"]
[Date "2011.08.20"]
[Round "7"]
[White "Kiewra, Keaton"]
[Black "Molner, Mackenzie"]
[Result "1/2-1/2"]
[WhiteElo "2351"]
[BlackElo "2447"]
[PlyCount "59"]
[EventDate "2011.08.17"]
[EventType "swiss"]
[EventRounds "9"]
[EventCountry "USA"]
[SourceDate "2011.08.22"]

1. e4 c5 2. Nf3 d6 3. d4 cxd4 4. Nxd4 Nf6 5. Nc3 a6 6. Bg5 Nbd7 7. Bc4 Qb6 8.
Bb3 e6 9. O-O Be7 10. Be3 Nc5 11. f4 Qc7 12. Qf3 O-O 13. Rae1 b5 14. e5 dxe5
15. fxe5 Bb7 16. exf6 Bxf3 17. fxe7 Qxe7 18. Rxf3 Rac8 19. Rg3 Kh8 20. Bf2 Qd7
21. Re2 b4 22. Ne4 Nxb3 23. axb3 e5 24. Nf3 f6 25. Ne1 Qc6 26. Nd3 a5 27. Nec5
Rfe8 28. Rge3 Qd5 29. Re4 h6 30. h4 1/2-1/2

[Event "1st Metropolitan International"]
[Site "Los Angeles"]
[Date "2011.08.20"]
[Round "7"]
[White "Krishnan, Varun"]
[Black "Carreto Nieto, Giovanni"]
[Result "0-1"]
[WhiteElo "2099"]
[BlackElo "2251"]
[PlyCount "76"]
[EventDate "2011.08.17"]
[EventType "swiss"]
[EventRounds "9"]
[EventCountry "USA"]
[SourceDate "2011.08.22"]

1. e4 c5 2. Nf3 d6 3. d4 cxd4 4. Nxd4 Nf6 5. Nc3 g6 6. Be3 Bg7 7. f3 O-O 8. Qd2
Nc6 9. Bc4 Bd7 10. O-O-O Rc8 11. Bb3 Ne5 12. Kb1 a6 13. h4 h5 14. Bg5 Rc5 15.
Rhe1 b5 16. g4 hxg4 17. f4 Nc4 18. Bxc4 Rxc4 19. e5 b4 20. exf6 bxc3 21. Qd3
Rxd4 22. Qxd4 exf6 23. Qxd6 fxg5 24. Qxd7 Qxd7 25. Rxd7 gxf4 26. Re4 f3 27.
Rxg4 f2 28. Rf4 Re8 29. bxc3 Rb8+ 30. Kc1 Bh6 31. Kd1 Bxf4 32. Ke2 Bg3 33. Rd1
Re8+ 34. Kf3 Re1 35. Rd8+ Kg7 36. Kxg3 f1=Q 37. Rd2 Re3+ 38. Kg4 Qf5# 0-1

[Event "1st Metropolitan International"]
[Site "Los Angeles"]
[Date "2011.08.20"]
[Round "7"]
[White "Langer, Michael"]
[Black "Banawa, Joel"]
[Result "0-1"]
[WhiteElo "2180"]
[BlackElo "2374"]
[PlyCount "90"]
[EventDate "2011.08.17"]
[EventType "swiss"]
[EventRounds "9"]
[EventCountry "USA"]
[SourceDate "2011.08.22"]

1. e4 c5 2. Nf3 e6 3. d3 Nc6 4. g3 d5 5. Qe2 Nf6 6. Bg2 Be7 7. O-O b6 8. Re1
Bb7 9. c3 a6 10. Nbd2 Qc7 11. a3 h6 12. h3 a5 13. Nf1 dxe4 14. dxe4 Ba6 15. Qc2
Rd8 16. c4 Nd4 17. Qc3 Bb7 18. Bf4 Qc8 19. N1d2 O-O 20. Be5 Nd7 21. Bxd4 cxd4
22. Nxd4 Bf6 23. N2f3 Ne5 24. Qb3 Qc5 25. Rad1 Nxc4 26. e5 Nxe5 27. Nxe6 Nxf3+
28. Bxf3 fxe6 29. Rxd8 Bxd8 30. Qxe6+ Kh8 31. Bxb7 Qxf2+ 32. Kh1 Qxg3 33. Rg1
Qh4 34. Be4 Bg5 35. Bb1 Qh5 36. Be4 Qh4 37. Bb1 Qh5 38. Be4 Bf4 39. Qg4 Qxg4
40. hxg4 Be5 41. b3 Rf4 42. Bf5 Kg8 43. Re1 Bd6 44. a4 h5 45. Kg2 g6 0-1

[Event "1st Metropolitan International"]
[Site "Los Angeles"]
[Date "2011.08.20"]
[Round "7"]
[White "Melekhina, Alisa"]
[Black "Akopian, Robert"]
[Result "1-0"]
[WhiteElo "2263"]
[BlackElo "2047"]
[PlyCount "91"]
[EventDate "2011.08.17"]
[EventType "swiss"]
[EventRounds "9"]
[EventCountry "USA"]
[SourceDate "2011.08.22"]

1. e4 d6 2. Nc3 Nf6 3. g3 d5 4. exd5 Nxd5 5. Bg2 Nxc3 6. bxc3 g6 7. Nf3 Bg7 8.
O-O O-O 9. Ba3 c6 10. Re1 Re8 11. d4 Nd7 12. Rb1 Nb6 13. Bc1 Nd5 14. Bd2 Nb6
15. Qc1 Nc4 16. Bh6 Qa5 17. Bxg7 Kxg7 18. Bf1 Bg4 19. Bxc4 Bxf3 20. Qf4 Bd5 21.
Bxd5 Qxd5 22. Rxb7 Qxa2 23. Rexe7 Rxe7 24. Rxe7 Qd5 25. Re5 Qd8 26. Qe4 a5 27.
Qxc6 a4 28. Qc4 a3 29. Qa2 Qd6 30. Re3 h5 31. c4 Qb4 32. Kg2 Kf8 33. Rb3 Qa4
34. d5 Kg7 35. Rd3 Qb4 36. d6 Qe1 37. Re3 Qb4 38. Rd3 Qe1 39. h4 Qe4+ 40. Kh2
Qe2 41. Qa1+ f6 42. Kg1 a2 43. d7 Qe5 44. c3 Rb8 45. d8=Q Rb1+ 46. Rd1 1-0

[Event "1st Metropolitan International"]
[Site "Los Angeles"]
[Date "2011.08.20"]
[Round "7"]
[White "Milisits, Ryan"]
[Black "Mateer, Amanda"]
[Result "1-0"]
[WhiteElo "2203"]
[BlackElo "2096"]
[PlyCount "55"]
[EventDate "2011.08.17"]
[EventType "swiss"]
[EventRounds "9"]
[EventCountry "USA"]
[SourceDate "2011.08.22"]

1. e4 c5 2. c3 Nf6 3. e5 Nd5 4. d4 cxd4 5. Nf3 e6 6. Bc4 dxc3 7. Bxd5 cxb2 8.
Bxb2 Qa5+ 9. Nc3 Bb4 10. Rc1 Qxd5 11. Qxd5 exd5 12. O-O Nc6 13. Nxd5 Ba5 14.
Ba3 b5 15. Bc5 Bb7 16. Rfd1 Rc8 17. Nd4 Nxe5 18. Nf5 Bxd5 19. Nd6+ Ke7 20.
Nxc8+ Ke6 21. Nxa7 Rb8 22. f4 Nc6 23. Rc2 Nxa7 24. Re2+ Kf6 25. Bxa7 Bc4 26.
Rd6+ Kf5 27. Re5+ Kxf4 28. Bxb8 1-0

[Event "1st Metropolitan International"]
[Site "Los Angeles"]
[Date "2011.08.20"]
[Round "7"]
[White "Ravichandran, Siddharth"]
[Black "Barnett, Alex"]
[Result "1-0"]
[WhiteElo "2387"]
[BlackElo "2254"]
[PlyCount "59"]
[EventDate "2011.08.17"]
[EventType "swiss"]
[EventRounds "9"]
[EventCountry "USA"]
[SourceDate "2011.08.22"]

1. d4 d6 2. e4 g6 3. Nc3 Bg7 4. Nf3 c6 5. a4 Bg4 6. Be2 Bxf3 7. Bxf3 Qb6 8. Ne2
c5 9. a5 Qc7 10. c3 a6 11. Be3 Nd7 12. Qa4 Kf8 13. O-O Ngf6 14. b4 e5 15. dxc5
dxc5 16. bxc5 Kg8 17. c6 bxc6 18. Nc1 Bf8 19. Nd3 Kg7 20. Qc4 Bd6 21. Nb4 c5
22. Nxa6 Qb7 23. Be2 Qxe4 24. Rfd1 Qxc4 25. Bxc4 Be7 26. Nc7 Ra7 27. Nb5 Ra6
28. Bg5 Bd8 29. Nd6 Rxa5 30. Nxf7 1-0

[Event "1st Metropolitan International"]
[Site "Los Angeles"]
[Date "2011.08.20"]
[Round "7"]
[White "Rensch, Daniel"]
[Black "Van Wely, Loek"]
[Result "0-1"]
[WhiteElo "2410"]
[BlackElo "2683"]
[PlyCount "72"]
[EventDate "2011.08.17"]
[EventType "swiss"]
[EventRounds "9"]
[EventCountry "USA"]
[SourceDate "2011.08.22"]

1. e4 c5 2. Nf3 e6 3. d4 cxd4 4. Nxd4 a6 5. Bd3 Bc5 6. Nb3 Be7 7. Nc3 d6 8. f4
Nc6 9. Qf3 Qc7 10. Be3 Nf6 11. O-O-O b5 12. e5 dxe5 13. fxe5 Nd7 14. Be4 Bb7
15. Qg3 O-O-O 16. Qxg7 Ncxe5 17. Bxb7+ Qxb7 18. Rxd7 Nxd7 19. Qxf7 Bg5 20. Bxg5
Qxg2 21. Re1 Qxg5+ 22. Kb1 Qf5 23. Ne4 Nb8 24. Qg7 Qd5 25. a3 Rhg8 26. Qxh7 Rh8
27. Qg7 Rxh2 28. Nec5 Rh1 29. Rxh1 Qxh1+ 30. Ka2 Qd5 31. Qe7 Rd6 32. Kb1 Nd7
33. Nd3 e5 34. Nb4 Qe6 35. Qh7 Rd1+ 36. Ka2 a5 0-1

[Event "1st Metropolitan International"]
[Site "Los Angeles"]
[Date "2011.08.20"]
[Round "7"]
[White "Rosen, Eric"]
[Black "Panjwani, Raja"]
[Result "1-0"]
[WhiteElo "2216"]
[BlackElo "2420"]
[PlyCount "65"]
[EventDate "2011.08.17"]
[EventType "swiss"]
[EventRounds "9"]
[EventCountry "USA"]
[SourceDate "2011.08.22"]

1. c4 g6 2. Nc3 Bg7 3. e4 d6 4. d4 Nf6 5. Be2 O-O 6. Bg5 a6 7. Qd2 c5 8. d5 Qa5
9. a4 b5 10. cxb5 axb5 11. Bxb5 Ba6 12. f3 Bxb5 13. Nxb5 Qxb5 14. axb5 Rxa1+
15. Kf2 Nfd7 16. Bxe7 Bd4+ 17. Kg3 Be5+ 18. f4 Re8 19. fxe5 Rxe7 20. h3 Nxe5
21. Kh2 f5 22. Qg5 Kf7 23. Nf3 Rxh1+ 24. Kxh1 fxe4 25. Qf4+ Ke8 26. Qxe4 Nxf3
27. Qxf3 Rb7 28. Qf6 Nd7 29. Qxd6 Rb6 30. Qf4 Ke7 31. Qh6 Kd6 32. Qxh7 Ne5 33.
Qg8 1-0

[Event "1st Metropolitan International"]
[Site "Los Angeles"]
[Date "2011.08.20"]
[Round "7"]
[White "Ruck, Robert"]
[Black "Lee, Michael"]
[Result "1-0"]
[WhiteElo "2569"]
[BlackElo "2395"]
[PlyCount "83"]
[EventDate "2011.08.17"]
[EventType "swiss"]
[EventRounds "9"]
[EventCountry "USA"]
[SourceDate "2011.08.22"]

1. Nf3 Nf6 2. c4 g6 3. d4 Bg7 4. g3 O-O 5. Bg2 d6 6. O-O Nc6 7. Nc3 a6 8. d5
Na5 9. b3 Rb8 10. Nd4 Bd7 11. e3 c5 12. dxc6 bxc6 13. Bd2 c5 14. Nde2 Bc6 15.
e4 Ba8 16. Qc1 Nc6 17. Bg5 Nd4 18. Nxd4 cxd4 19. Nd5 e6 20. Nxf6+ Bxf6 21. Bxf6
Qxf6 22. Qa3 Rb6 23. Qa5 Qd8 24. f4 Qc7 25. Rad1 e5 26. fxe5 Qc5 27. Qxc5 dxc5
28. Rf6 Re6 29. Rxe6 fxe6 30. b4 Rd8 31. bxc5 Kf7 32. Kf2 Ke7 33. Ke2 Bc6 34.
Kd3 a5 35. Rb1 a4 36. a3 g5 37. Rb6 Kd7 38. Bh3 Re8 39. Bg4 Kc7 40. Kxd4 h6 41.
Ke3 Re7 42. Rb2 1-0

[Event "1st Metropolitan International"]
[Site "Los Angeles"]
[Date "2011.08.20"]
[Round "7"]
[White "Sevian, Samuel"]
[Black "Piasetski, Leon"]
[Result "1-0"]
[WhiteElo "2172"]
[BlackElo "2289"]
[PlyCount "79"]
[EventDate "2011.08.17"]
[EventType "swiss"]
[EventRounds "9"]
[EventCountry "USA"]
[SourceDate "2011.08.22"]

1. e4 g6 2. d4 Bg7 3. Nc3 d6 4. g3 c6 5. Bg2 Nf6 6. Nge2 O-O 7. h3 d5 8. e5 Ne8
9. O-O f6 10. exf6 exf6 11. Nf4 Na6 12. Re1 Nac7 13. h4 Nd6 14. h5 g5 15. Nd3
Bf5 16. b3 Qd7 17. Nc5 Qf7 18. Ba3 Rad8 19. Nxb7 Nxb7 20. Re7 Rfe8 21. Rxf7
Kxf7 22. Qd2 Nd6 23. Bc5 a6 24. Bf1 Bg4 25. Re1 Rxe1 26. Qxe1 f5 27. Bb6 Re8
28. Qd2 Ne6 29. Be2 Bxe2 30. Nxe2 Ne4 31. Qd3 f4 32. Nc3 Nxc3 33. Qxc3 fxg3 34.
fxg3 c5 35. Bxc5 g4 36. Qd3 Kg8 37. Qf5 Nxc5 38. dxc5 Bd4+ 39. Kg2 Re2+ 40. Kf1
1-0

[Event "1st Metropolitan International"]
[Site "Los Angeles"]
[Date "2011.08.20"]
[Round "7"]
[White "Sevillano, Enrico"]
[Black "Kelley, Dereque"]
[Result "1/2-1/2"]
[WhiteElo "2492"]
[BlackElo "2203"]
[PlyCount "135"]
[EventDate "2011.08.17"]
[EventType "swiss"]
[EventRounds "9"]
[EventCountry "USA"]
[SourceDate "2011.08.22"]

1. e4 e5 2. Nf3 Nc6 3. d4 exd4 4. Nxd4 Bc5 5. Be3 Qf6 6. c3 Nge7 7. Bc4 Ne5 8.
Be2 Qg6 9. O-O d6 10. Kh1 Qxe4 11. Nd2 Qg6 12. Bh5 Qd3 13. Be2 Qg6 14. Nb5 O-O
15. Nxc7 Rb8 16. Nc4 Nxc4 17. Bxc4 Bxe3 18. fxe3 Bf5 19. Nd5 Nxd5 20. Bxd5 Be4
21. Bxe4 Qxe4 22. Qxd6 Qxe3 23. Rae1 Qh6 24. Qxh6 gxh6 25. Re7 Kg7 26. h3 a6
27. Re4 f6 28. Rf3 Rbe8 29. Rg3+ Kh8 30. Rxe8 Rxe8 31. Rd3 Re7 32. Rd6 Kg7 33.
Kh2 Kg6 34. Kg3 h5 35. Rb6 Kg5 36. h4+ Kf5 37. c4 Rd7 38. c5 Ke5 39. c6 bxc6
40. Rxc6 Rd3+ 41. Kh2 Rd2 42. Rxa6 Rxb2 43. Ra7 h6 44. a4 f5 45. Kg1 Rb1+ 46.
Kh2 Rb4 47. Ra5+ Kf6 48. Ra6+ Kg7 49. Kg3 Rg4+ 50. Kh3 Rb4 51. a5 Ra4 52. Ra8
Kh7 53. a6 Kg7 54. a7 Ra3+ 55. Kh2 Ra4 56. Kg3 Ra3+ 57. Kf4 Ra5 58. Ke3 Ra3+
59. Kf4 Ra5 60. g3 Kh7 61. Ke3 Kg7 62. Kd4 Ra1 63. Ke5 Ra5+ 64. Ke6 Ra6+ 65.
Kxf5 Ra5+ 66. Ke6 Ra6+ 67. Kd5 Ra1 68. Ke5 1/2-1/2

[Event "1st Metropolitan International"]
[Site "Los Angeles"]
[Date "2011.08.20"]
[Round "7"]
[White "Sinanan, Joshua"]
[Black "Heiserman, Jimmy"]
[Result "1/2-1/2"]
[WhiteElo "2273"]
[BlackElo "2111"]
[PlyCount "76"]
[EventDate "2011.08.17"]
[EventType "swiss"]
[EventRounds "9"]
[EventCountry "USA"]
[SourceDate "2011.08.22"]

1. d4 Nf6 2. c4 g6 3. g3 Bg7 4. Bg2 O-O 5. Nc3 c6 6. Nf3 d5 7. cxd5 Nxd5 8. O-O
Nxc3 9. bxc3 Bf5 10. Qb3 Qb6 11. Ba3 Re8 12. Nd2 Be6 13. Qb2 Nd7 14. e3 Qa6 15.
Rfc1 Nb6 16. Bf1 Qa5 17. Bb4 Qh5 18. a4 Nd5 19. Ba3 b6 20. Bg2 Rac8 21. a5 b5
22. c4 Nf6 23. cxb5 cxb5 24. Rxc8 Bxc8 25. Rc1 Bd7 26. Nf3 Ne4 27. Ne5 Bxe5 28.
Bxe4 Bb8 29. Bc6 Bxc6 30. Rxc6 Qd1+ 31. Kg2 Qd3 32. Qc3 Qxc3 33. Rxc3 Kf8 34.
a6 Rd8 35. Rb3 Bd6 36. Bc5 Bxc5 37. dxc5 Rb8 38. c6 Rc8 1/2-1/2

[Event "1st Metropolitan International"]
[Site "Los Angeles"]
[Date "2011.08.20"]
[Round "7"]
[White "Steinfl, Alessandro"]
[Black "Clawitter, Craig"]
[Result "1-0"]
[WhiteElo "2164"]
[BlackElo "2118"]
[PlyCount "115"]
[EventDate "2011.08.17"]
[EventType "swiss"]
[EventRounds "9"]
[EventCountry "USA"]
[SourceDate "2011.08.22"]

1. d4 Nf6 2. c4 e6 3. Nc3 c5 4. d5 exd5 5. cxd5 d6 6. e4 g6 7. f4 Bg7 8. Bb5+
Nfd7 9. Nf3 a6 10. Bd3 b5 11. O-O O-O 12. Kh1 Nf6 13. f5 Nbd7 14. Bg5 Qc7 15.
Qd2 Re8 16. Rae1 b4 17. Nd1 a5 18. Nf2 gxf5 19. Bh6 Bxh6 20. Qxh6 Qd8 21. Bb5
Ba6 22. Bxa6 Rxa6 23. Nh4 Re5 24. Re3 Qf8 25. Rg3+ Kh8 26. Nxf5 Rxf5 27. Qxf8+
Nxf8 28. exf5 Nxd5 29. Ng4 h5 30. Rh3 Nh7 31. Rxh5 Kg7 32. f6+ Ndxf6 33. Nxf6
Nxf6 34. Rg5+ Kh6 35. Rgf5 Ne4 36. Rxf7 d5 37. R7f5 Rd6 38. g4 c4 39. Kg2 c3
40. bxc3 bxc3 41. h4 d4 42. Rh5+ Kg6 43. Re5 d3 44. Rxe4 d2 45. Rc4 d1=Q 46.
Rxd1 Rxd1 47. Rxc3 Rd2+ 48. Kg3 Rxa2 49. Rc6+ Kg7 50. Kf4 a4 51. Kg5 a3 52.
Rc7+ Kf8 53. Ra7 Ra1 54. h5 a2 55. h6 Ke8 56. h7 Rh1 57. Kg6 Rxh7 58. Kxh7 1-0

[Event "1st Metropolitan International"]
[Site "Los Angeles"]
[Date "2011.08.20"]
[Round "7"]
[White "Tanaka, Christian"]
[Black "Hamzah, Amier"]
[Result "0-1"]
[WhiteElo "2098"]
[BlackElo "1800"]
[PlyCount "88"]
[EventDate "2011.08.17"]
[EventType "swiss"]
[EventRounds "9"]
[EventCountry "USA"]
[SourceDate "2011.08.22"]

1. d4 Nf6 2. c4 c5 3. d5 b5 4. cxb5 a6 5. b6 d6 6. Nc3 Nbd7 7. e4 Qxb6 8. Nf3
g6 9. Nd2 Bg7 10. Nc4 Qc7 11. a4 O-O 12. Be2 Nb6 13. Ne3 a5 14. Qc2 e6 15. O-O
Bb7 16. Rd1 exd5 17. exd5 Rfe8 18. Ra3 Rab8 19. h4 Re7 20. h5 Rbe8 21. hxg6
hxg6 22. Bb5 Nbd7 23. Kf1 Re5 24. g4 Ne4 25. Nc4 Nxc3 26. Nxe5 Nxb5 27. Rb3
Rxe5 28. axb5 Bxd5 29. Bf4 Be4 30. Qc4 Qb7 31. Kg1 Bf3 32. Ra1 Bxg4 33. Rg3 Rh5
34. f3 Bxf3 35. Re1 Bd4+ 36. Be3 Bd5 37. Qc1 Be5 38. Bf4 Bd4+ 39. Be3 Ne5 40.
Bxd4 cxd4 41. Qf4 Qxb5 42. Qxd4 Nf3+ 43. Rxf3 Bxf3 44. Re8+ Qxe8 0-1

[Event "1st Metropolitan International"]
[Site "Los Angeles"]
[Date "2011.08.20"]
[Round "7"]
[White "Viswanadha, Kesav"]
[Black "Morshedi, Ali"]
[Result "1/2-1/2"]
[WhiteElo "1919"]
[BlackElo "2238"]
[PlyCount "32"]
[EventDate "2011.08.17"]
[EventType "swiss"]
[EventRounds "9"]
[EventCountry "USA"]
[SourceDate "2011.08.22"]

1. e4 e5 2. Nf3 Nc6 3. Bb5 f5 4. Nc3 fxe4 5. Nxe4 Nf6 6. Nxf6+ Qxf6 7. Qe2 Be7
8. d3 d6 9. Bg5 Qf7 10. Bxe7 Qxe7 11. d4 exd4 12. Nxd4 Qxe2+ 13. Kxe2 Bd7 14.
Nxc6 bxc6 15. Bd3 O-O 16. f3 Bf5 1/2-1/2

[Event "1st Metropolitan International"]
[Site "Los Angeles"]
[Date "2011.08.20"]
[Round "7"]
[White "Wang, Philip Xiao"]
[Black "Yanayt, Eugene"]
[Result "1-0"]
[WhiteElo "2371"]
[BlackElo "2236"]
[PlyCount "67"]
[EventDate "2011.08.17"]
[EventType "swiss"]
[EventRounds "9"]
[EventCountry "USA"]
[SourceDate "2011.08.22"]

1. d4 Nf6 2. c4 g6 3. Nf3 Bg7 4. g3 O-O 5. Bg2 d6 6. O-O Nc6 7. Nc3 a6 8. h3
Rb8 9. e4 b5 10. e5 dxe5 11. dxe5 Qxd1 12. Rxd1 Nd7 13. cxb5 axb5 14. Be3 e6
15. Rac1 Ne7 16. b4 c6 17. Bg5 Nd5 18. Nxd5 cxd5 19. Be7 Re8 20. Bd6 Rb7 21.
Bf1 f6 22. Rc2 fxe5 23. Rdc1 Nb6 24. Bxb5 Bd7 25. Bxd7 Rxd7 26. Bxe5 Nc4 27.
Bxg7 Kxg7 28. Nd2 Nxd2 29. Rxd2 Ra7 30. b5 Rb8 31. Rb2 Kf6 32. b6 Rab7 33. Rc6
Ke7 34. Re2 1-0

[Event "1st Metropolitan International"]
[Site "Los Angeles"]
[Date "2011.08.20"]
[Round "7"]
[White "Yang, Darwin"]
[Black "Ramirez, Alejandro"]
[Result "1/2-1/2"]
[WhiteElo "2434"]
[BlackElo "2592"]
[PlyCount "44"]
[EventDate "2011.08.17"]
[EventType "swiss"]
[EventRounds "9"]
[EventCountry "USA"]
[SourceDate "2011.08.22"]

1. d4 d5 2. c4 c6 3. Nc3 Nf6 4. e3 a6 5. Nf3 e6 6. b3 Bb4 7. Bd2 O-O 8. Bd3
Nbd7 9. O-O Bd6 10. Rc1 Re8 11. h3 h6 12. e4 dxc4 13. bxc4 e5 14. c5 Bc7 15.
Be3 exd4 16. Bxd4 Nf8 17. e5 Nd5 18. Ne4 Ne6 19. Bb2 Nef4 20. Bb1 Bxh3 21. gxh3
Qd7 22. Nd6 Qxh3 1/2-1/2